书目信息 |
| 题名: |
左脑中风右脑开悟
|
|
| 作者: | 吉尔·泰勒 著 ;杨玉龄 译 | |
| 分册: | ||
| 出版信息: | 海口 海南出版社 2011.01 |
|
| 页数: | 235页 | |
| 开本: | 23cm | |
| 丛书名: | ||
| 单 册: | ||
| 中图分类: | R338.2 | |
| 科图分类: | ||
| 主题词: | 脑科学--nao ke xue--研究 | |
| 电子资源: | ||
| ISBN: | 978-7-5443-3510-2 | |
| 000 | 01126nam0 2200277 450 | |
| 001 | B00000096047 | |
| 005 | 20110723135934.12 | |
| 010 | @a978-7-5443-3510-2@dCNY29.00 | |
| 100 | @a20101221d2011 km y0chiy50 ea | |
| 101 | 1 | @achi@ceng |
| 102 | @aCN@b110000 | |
| 105 | @aa z 000yy | |
| 106 | @ar | |
| 200 | 1 | @a左脑中风右脑开悟@Azuo nao zhong feng you nao kai wu@d= My strode of insight@f(美) 吉尔·泰勒著@F(mei)ji er·tai le zhu@g杨玉龄译@zeng |
| 210 | @a海口@c海南出版社@d2011.01 | |
| 215 | @a235页@d23cm | |
| 330 | @a这是一部帮助中风者的医疗手册,更是对一次心灵探索的记录。通过中风,泰勒体会到“开悟”并不是一种虚幻的感觉,而是一种平和的生活态度。她说:“在亲身体会自己的左右脑功能后,我选择从另一个角度去看事情……这次中风带给我最无价的礼物是——内心深处的平静只在一念之间。” | |
| 333 | @a一般读者 | |
| 500 | 10 | @aMy strode of insight@mChinese |
| 586 | @a | |
| 606 | 0 | @a脑科学@Anao ke xue@x研究 |
| 690 | @aR338.2@v5 | |
| 701 | 1 | @a吉尔·泰勒@Aji er·tai le@g(Taylor, J.B.)@4著@a吉尔·泰勒@Aji er·tai le@4著 |
| 702 | 0 | @a杨玉龄@Ayang yu ling@4译 |
| 801 | 0 | @aCN@c20110610 |
| 905 | @dR338.2@eT082@f3 | |
| 左脑中风右脑开悟= My strode of insight/(美) 吉尔·泰勒著/杨玉龄译.-海口:海南出版社,2011.01 |
| 235页;23cm |
| 使用对象:一般读者 |
| ISBN 978-7-5443-3510-2:CNY29.00 |
| 这是一部帮助中风者的医疗手册,更是对一次心灵探索的记录。通过中风,泰勒体会到“开悟”并不是一种虚幻的感觉,而是一种平和的生活态度。她说:“在亲身体会自己的左右脑功能后,我选择从另一个角度去看事情……这次中风带给我最无价的礼物是——内心深处的平静只在一念之间。” |
| ● |
| 相关链接 |
|
|
|
正题名:左脑中风右脑开悟
索取号:R338.2/T082
 
预约/预借
| 序号 | 登录号 | 条形码 | 馆藏地/架位号 | 状态 | 备注 |
| 1 | 887038 | 208870382 | 自科库401/401自科库 14排3列3层/ [索取号:R338.2/T082] | 在馆 | |
| 2 | 887039 | 208870391 | 自科库401/401自科库 14排3列3层/ [索取号:R338.2/T082] | 在馆 | |
| 3 | 887040 | 208870408 | 自科库401/401自科库 14排3列3层/ [索取号:R338.2/T082] | 在馆 |